• 首页
  • 本馆介绍
  • 公告通知
  • 最新文献
  • 馆藏检索
  • 电子资源
  • 读者导购
  • 参考咨询
  • 我的图书馆
  • 登录
  • 详细信息显示
  • 放入我的书架
  • 预约/预借图书
  • 作者相关作品
  • 分类相关作品
  • 丛书相关作品
  • 出版社相关作品

书目信息

  • 表格格式
  • 工作单格式
  • 卡片格式
题名:
工业催化
    
 
作者: 唐晓东 , 王豪 , 汪芳 编著
分册:  
出版信息: 北京   化学工业出版社  2010.5
页数: 235页
开本: 26cm
丛书名:
单 册:
中图分类: TQ032.4
科图分类:
主题词: 化工过程--催化--高等学校--教材 , 化工过程 , 催化
电子资源:
ISBN: 978-7-122-07845-2
000 01128nam0 2200313 45
001 1360580265
005 20130530160803.09
010    @a978-7-122-07845-2@dCNY29.00
100    @a20130513d2010 em y0chiy0110 ea
101 0  @achi
102    @aCN@b110000
105    @ay z 000yy
106    @ar
200 1  @a工业催化@AGong Ye Cui Hua@f唐晓东,王豪,汪芳编著@FTang Xiao Dong, Wang Hao, Wang Fang Bian Zhu
210    @a北京@c化学工业出版社@d2010.5
215    @a235页@d26cm
300    @a高等学校规划教材
312    @a封面英文题名:Industrial catalysis
330    @a本书介绍了催化作用基本原理,各类固体催化剂,工业催化剂的制备、分析、测试与操作使用方法;介绍了石油炼制催化剂、石油化工催化剂、化肥催化剂、碳-化工催化剂、环境保护催化剂的基本情况和最新研究进展。
510 1  @aIndustrial catalysis@zeng
606 0  @a化工过程@x催化@x高等学校@j教材
606 0  @a化工过程
606 0  @a催化
690    @aTQ032.4@v5
701  0 @a唐晓东@ATang Xiao Dong@c(石油工业)@4编著
701  0 @a王豪@AWang Hao@4编著
701  0 @a汪芳@AWang Fang@4编著
801    @aCN@bTANGWEI@c20130523
905    @b0835750-53@dTQ032.4@e213@f4
    
    工业催化/唐晓东,王豪,汪芳编著.-北京:化学工业出版社,2010.5
    235页;26cm
    高等学校规划教材
    
    ISBN 978-7-122-07845-2:CNY29.00
    本书介绍了催化作用基本原理,各类固体催化剂,工业催化剂的制备、分析、测试与操作使用方法;介绍了石油炼制催化剂、石油化工催化剂、化肥催化剂、碳-化工催化剂、环境保护催化剂的基本情况和最新研究进展。
●
相关链接 在E读中查询图书 在五车中查询图书 在当当中查询图书 在豆瓣中查询图书


正题名:工业催化     索取号:TQ032.4/213         预约/预借

序号 登录号 条形码 馆藏地/架位号 状态 备注
1 0835750   208357507   第二样本阅览室/ [索取号:TQ032.4/213] 在馆    
2 0835751   208357516   第三借阅区/ [索取号:TQ032.4/213] 在馆    
3 0835752   208357525   第三借阅区/ [索取号:TQ032.4/213] 在馆    
4 0835753   208357534   密集书库-化学系/ [索取号:TQ032.4/213] 在馆    
唐山师范学院图书馆 欢迎您!
大连网信软件有限公司© 版权所有